ENGINEERING MECHANICS STATICS AND DYNAMIICS (Record no. 615766)

000 -LEADER
fixed length control field 00388nam a22001457a 4500
020 ## - INTERNATIONAL STANDARD BOOK NUMBER
International Standard Book Number 0135770408
040 ## - CATALOGING SOURCE
Transcribing agency NUST
082 ## - DEWEY DECIMAL CLASSIFICATION NUMBER
Classification number 620.1
Author Mark HIB
100 ## - MAIN ENTRY--PERSONAL NAME
Personal name HIBBELER, R.C
245 ## - TITLE STATEMENT
Title ENGINEERING MECHANICS STATICS AND DYNAMIICS
250 ## - EDITION STATEMENT
Edition statement 8TH ED
260 ## - PUBLICATION, DISTRIBUTION, ETC.
Place of publication, distribution, etc. NEW JERSEY:
Name of publisher, distributor, etc. PRENTICE HALL,
Date of publication, distribution, etc. 1998.
650 ## - SUBJECT ADDED ENTRY--TOPICAL TERM
Topical term or geographic name entry element ENGINEERING MECHANICS STATICS AND DYNAMIICS
9 (RLIN) 132696
942 ## - ADDED ENTRY ELEMENTS (KOHA)
Source of classification or shelving scheme
Koha item type Book
Holdings
Withdrawn status Lost status Source of classification or shelving scheme Damaged status Not for loan Permanent Location Current Location Shelving location Date acquired Total Checkouts Full call number Barcode Date last seen Price effective from Koha item type Public note
          College of Electrical & Mechanical Engineering (CEME) College of Electrical & Mechanical Engineering (CEME) General Stacks 01/02/2026   620.1 HIB CEME-39112 01/02/2026 01/02/2026 Book 4.1
© 2023 Central Library, National University of Sciences and Technology. All Rights Reserved.